000 00477nam a2200169Ia 4500
008 240729s9999 xx 000 0 und d
022 _a0976-2809
245 0 _aJournal of Ayurveda and Integrative Medicine
260 _aIndia
260 _bElsevier
650 _a Miscellaneous systems and treatments
650 _a Other systems of medicine
650 _aMedicine
856 _uhttps://doaj.org/toc/c6e5fc4d35fd436a9449323c6491ad57
942 _2ddc
942 _cDOAJEJ
999 _c71472
_d71472
945 _a1
_bMadushi Gamage
_c1
_dMadushi Gamage